banner-ar

Sources of Growth, A Study of seven Latin American Economies / (Record no. 17289)

MARC details
000 -الفاتح
حقل البيانات ثابتة الطول 00557nam a2200205Ia 4500
008 - عناصر البيانات ثابتة الطول - معلومات عامة
حقل البيانات ثابتة الطول 140319s9999 xx 000 0 eng d
040 ## - مصدر الفهرسة
وكالة الفهرسة الأصلية GCL /
وكالة النسخ GCL
082 04 - رقم تصنيف ديوى العشرى
رقم التصنيف 338.9
رقم المادة E S
100 1# - المدخل الرئيسى - إسم شخصى
الإسم الشخصى ELIAS, VICTOR J.
245 10 - بيان العنوان
العنوان Sources of Growth, A Study of seven Latin American Economies /
بيان المسئوليه,etc ELIAS, VICTOR J.
260 ## - PUBLICATION, DISTRIBUTION, ETC. (IMPRINT)
تاريخ النشر أو التوزيع 1945
300 ## - الوصف المادى
التعداد 254
650 04 - المدخل الاضافى بالموضوع-مصطلح موضوعى
مصطلح موضوعي ECONOMIC CONDITIONS
650 04 - المدخل الاضافى بالموضوع-مصطلح موضوعى
مصطلح موضوعي LATIN - AMERICA
650 04 - المدخل الاضافى بالموضوع-مصطلح موضوعى
مصطلح موضوعي INDUSTRIAL PRODUCTIVITY
650 04 - المدخل الاضافى بالموضوع-مصطلح موضوعى
مصطلح موضوعي DEVELOPMENT
650 04 - المدخل الاضافى بالموضوع-مصطلح موضوعى
مصطلح موضوعي PLANNING
942 ## - عناصر المدخل الإضافي( كوها)
مصدر التصنيف او مخطط الترفيف Dewey Decimal Classification
Koha [default] item type كتاب
260 ## - PUBLICATION, DISTRIBUTION, ETC. (IMPRINT)
-- [S.N] :
-- PRESS ،
Holdings
حالة التراجع حالة الفقد حالة تلف ليس للاعارة المكان المؤقت الموقع الحالى تاريخ الاكتساب اجمالي اﻻعارات رقم الطلب الباركود تاريخ اخر مشاهدة تاريخ تفعيل السعر نوع وعاء كوها
        مكتبة القاهرة الكبرى مكتبة القاهرة الكبرى 03/26/2014   338.9\E S 31126 03/26/2014 03/26/2014 كتاب

Powered By

EGPV